La orgía perpetua : flaubert y madame bovary /

Guardado en:
Autor Principal: Vargas Llosa, Mario
Formato: Libro
Publicado: Buenos Aires : Alfaguara, 2009
Series:Biblioteca
Materias:
Etiquetas: Agregar Etiqueta
Sin Etiquetas, Sea el primero en etiquetar este registro!
LEADER 00811nam a22002295a 4500
001 CEM.cems013480
005 20110228094923.0
008 130507s2009##################000#0#####d
003 CEMS
020 |a 9789870412359 
082 0 4 |a Pe864.4 
100 1 |a Vargas Llosa, Mario 
245 1 0 |a La orgía perpetua :  |b  flaubert y madame bovary /  |c Mario Vargas Llosa 
260 |a Buenos Aires :  |b Alfaguara,  |c 2009 
300 |a 191 p. 
490 0 |a Biblioteca 
505 0 |a En este ensayo, el autor analiza una de las novelas que han marcado su carrera como escritor: Madame Bovary, de Gustave Flaubert, considerado el fundador de la novela moderna 
653 |a Literatura 
653 |a Literatura peruana 
653 |a Ensayo 
653 |a Ensayo peruano 
859 |a CEMS  |b BIB. CEMS - 11 de abril  |h Pe864.4  |i V426  |p 26092.11  |t Ej.1